000 00837nam a22002055i 4500
001 178702
003 ES-MaACL
005 20230906220604.0
008 110610s1973 sp o |||| | spa d
080 _a617.584
100 1 _aNoguer Debray, Santiago.
_9147144
245 1 1 _a"Úlcera hipertensiva de la piernas" /
_cresumen de la tesis presentada para aspirar al grado de doctor en medicina por Santiago Noguer Debray.
260 _aBarcelona :
_bUniversidad de Barcelona, Secretariado de Publicaciones, Intercambio Científico y Extensión Universitaria :
_b[Ivern],
_c1973.
300 _a16 p. :
_bfot. bl. y n. ;
_c24 cm.
500 _aCub. tomada como port.
504 _aBibliografía: p. 14-16.
650 0 4 _aPiernas.
_9147145
710 2 _aUniversidad de Barcelona.
_97141
852 _aES-MaACL
_jE-15361 (108)
_xOlim P-1374
999 _c178702
_d178702